MARC details
| 000 -LEADER |
| fixed length control field |
00769nam a22002417a 4500 |
| 003 - CONTROL NUMBER IDENTIFIER |
| control field |
SEM |
| 005 - DATE AND TIME OF LATEST TRANSACTION |
| control field |
20220608074939.0 |
| 008 - FIXED-LENGTH DATA ELEMENTS--GENERAL INFORMATION |
| fixed length control field |
220121s1999 uk ||||gr|||||001 0 eng|d |
| 020 ## - INTERNATIONAL STANDARD BOOK NUMBER |
| International Standard Book Number |
1850758611 |
| 020 ## - INTERNATIONAL STANDARD BOOK NUMBER |
| International Standard Book Number |
1850758565 |
| 040 ## - CATALOGING SOURCE |
| Original cataloging agency |
SEM |
| Transcribing agency |
SEM |
| 041 ## - LANGUAGE CODE |
| Language code of text/sound track or separate title |
eng |
| 080 ## - UNIVERSAL DECIMAL CLASSIFICATION NUMBER |
| Universal Decimal Classification number |
809.245-5/M-59 |
| 100 ## - MAIN ENTRY--PERSONAL NAME |
| Personal name |
Merwe Christo H. J. van der; Naudé Jackie A.; Kroeze Jan H. |
| 245 ## - TITLE STATEMENT |
| Title |
A biblical Hebrew reference grammar / |
| Statement of responsibility, etc. |
Ch. H. J. van der Merwe, J. A. Naudé, J. H. Kroeze |
| 260 ## - PUBLICATION, DISTRIBUTION, ETC. |
| Place of publication, distribution, etc. |
Sheffield : |
| Name of publisher, distributor, etc. |
Sheffield Academic press, |
| Date of publication, distribution, etc. |
1999. |
| 300 ## - PHYSICAL DESCRIPTION |
| Extent |
404 p. ; |
| Dimensions |
24 cm |
| 490 ## - SERIES STATEMENT |
| Series statement |
Biblical language: Hebrew |
| Volume/sequential designation |
3 |
| 504 ## - BIBLIOGRAPHY, ETC. NOTE |
| Bibliography, etc. note |
Glossary p.: 351-369; Bibliography p.: 370-373; Indexes p.: 374-404 |
| 650 ## - SUBJECT ADDED ENTRY--TOPICAL TERM |
| Topical term or geographic name entry element |
Hebrew |
| General subdivision |
grammar |
| 653 ## - INDEX TERM--UNCONTROLLED |
| Uncontrolled term |
ՍԷՄ |
| 942 ## - ADDED ENTRY ELEMENTS (KOHA) |
| Source of classification or shelving scheme |
Universal Decimal Classification |
| Koha item type |
Գրքեր/Books |